000 00934cam a2200205 4500
001 WB3721-13
008 000000n2001 000 0 eng u
035 _a(Sirsi) u112887
245 _aPossession regained
260 _c2001
490 _aEstates Gazette
_v(0121) 26 May 2001, 163(1)
520 _aDiscusses the consequences of the HL ruling in "Cadogan Estates Ltd v McMahon". At issue was whether a landlord was entitled to regain possession under Rent Act 1977 Case 1 from a tenant who was bankrupt. It concluded that a proviso for re-entry can, for the purposes of the Rent Act, be regarded as creating an obligation and therefore a tenant who is made bankrupt is susceptible to a possession order.
590 _aWB
650 _aCADOGAN ESTATES LTD V MCMAHON
650 _aRENT ACT TENANCIES
650 _aRENT ACT 1977 SCH 15 CASE 1
650 _aBANKRUPTCY
690 _aPROPERTY-LANDLORD AND TENANT
942 _n0
999 _c67203
_d67203